000 00379pab a2200157 454500
008 180718b1957 xxu||||| |||| 00| 0 eng d
100 _aS.T. Raja
245 _aThe development of state tubewells
260 _c1957
300 _ap.53-60.
362 _aJan-Mar
650 _aTubewells
773 _aIndian Journal of Public Administration
908 _aN
909 _a100595
999 _c100594
_d100594